| 000 | 00346 a2200109 4500 | ||
|---|---|---|---|
| 001 | ART_46788 | ||
| 005 | 20260410162000.0 | ||
| 008 | 260409a | ||
| 245 | 1 | 0 | _aArgentina, el otro grande de América del Sur |
| 100 | 1 | _aAsvazadourian, Jean-Pierre | |
| 773 | 0 |
_tArchivos del presente _g- Año 16, Nº 57/58 (ene. 2012) _wREV28180 |
|
| 999 |
_c31174 _d31174 |
||